Design is a job (Registro nro. 326198)
[ vista simple ]
| 000 -ENCABEZADO | |
|---|---|
| Número de control [NR] | 01190nam a22002537a 4500 |
| 005 - FECHA Y HORA DE LA ÚLTIMA TRANSACCIÓN | |
| control field | 20260324161930.0 |
| 008 - DE LONGITUD FIJA DE DATOS DE ELEMENTOS - INFORMACIÓN GENERAL | |
| Elementos de longitud fija [NR] | 260324b ||||| |||| 00| 0 eng d |
| 020 ## - NUMERO INTERNACIONAL NORMALIZADO PARA LIBROS [R] | |
| Número Internacional Normalizado del libro [NR] | 9789889358748 |
| 040 ## - FUENTE DE CATALOGACION [NR] | |
| Agencia de catalogación original [NR] | CO-BoUCM |
| Idioma de catalogación [NR] | spa |
| Quien Cataloga | Stefania Borbon |
| Quien Clasifica | Stefania Borbon (Modificó) |
| 100 ## - ASIENTO PRINCIPAL--NOMBRE PERSONAL [NR] | |
| Nombre personal [NR] | Monteiro, Mike |
| ID Autoridad | 175852 |
| 245 ## - MENCION DE TITULO [NR] | |
| Título [NR] | Design is a job |
| Parte restante del título [NR] | the necessary second edition |
| Mención de responsabilidad, etc. [NR] | Mike Monteiro prólogo por Sam Cabrera |
| 250 ## - MENCION DE EDICION [NR] | |
| Mención de edición [NR] | 2a.Ed. |
| 260 ## - PUBLICACION, DISTRIBUCION, ETC. (PIE DE IMPRENTA) [R] | |
| Lugar de publicación, distribución, etc. [R] | San Francisco |
| Nombre del editor, distribuidor, etc. [R] | Mule Books |
| Fecha de publicación, distribución, etc. [R] | 2024 |
| 300 ## - DESCRIPCION FISICA [R] | |
| Extensión [R] | 201 páginas |
| Otros detalles físicos [NR] | ilustraciones en blanco y negro |
| 504 ## - NOTA DE BIBLIOGRAFIA, ETC. [R] | |
| Nota de bibliografía, etc. [NR] | Incluye referencias bibliográficas e índices |
| 520 ## - NOTA DE RESUMEN, ETC. [R] | |
| Nota de sumario, etc. [NR] | Una guía revisada y actualizada sobre los aspectos comerciales y éticos de la profesión del diseño, cubriendo temas como la negociación de contratos, la gestión de procesos de trabajo y la responsabilidad social del diseñador |
| 650 ## - ASIENTO SECUNDARIO DE MATERIA - TERMINO TEMATICO [R] | |
| Término temático o nombre geográfico como elemento de entrada [NR] | Diseño |
| Subdivisión general [R] | Práctica profesional |
| 9 (RLIN) | 188399 |
| 650 ## - ASIENTO SECUNDARIO DE MATERIA - TERMINO TEMATICO [R] | |
| Término temático o nombre geográfico como elemento de entrada [NR] | Diseñadores |
| Subdivisión general [R] | Ética profesional |
| 9 (RLIN) | 188400 |
| 650 ## - ASIENTO SECUNDARIO DE MATERIA - TERMINO TEMATICO [R] | |
| Término temático o nombre geográfico como elemento de entrada [NR] | Relaciones con el cliente |
| 9 (RLIN) | 182446 |
| 700 ## - ASIENTO SECUNDARIO - NOMBRE PERSONAL [R] | |
| Nombre personal [NR] | Cabrera, Sam |
| Término de relación [R] | prólogo |
| 9 (RLIN) | 188401 |
| 700 ## - ASIENTO SECUNDARIO - NOMBRE PERSONAL [R] | |
| Nombre personal [NR] | Marquis, Lisa Maria |
| Término de relación [R] | editor |
| 9 (RLIN) | 188402 |
| 942 ## - ELEMENTOS DE ENTRADA AGREGADOS (KOHA) | |
| Sistema de clasificación | DEWEY |
| Tema principal | Arte |
| Tipo de ítem principal el descrito en 300a | Libro |
| Edición | 2 |
| Clasificación | 745.4023 |
| Parte restante de la signatura top. | M775 |
| Signatura topográfica | Código de barras | Última vez visto | Volúmen / Fascículo | Ejemplar | Price effective from | Tipo de ítem | Perdido | Sistema de clasificación | Dañado | No prestable | Tipo de ítem específico | Suprimido | Ubicación habitual | Ubicación actual | Localización | Fecha de creación | Forma de adquisición | Costo |
|---|---|---|---|---|---|---|---|---|---|---|---|---|---|---|---|---|---|---|
| 745.4023 M775 | 100175036 | 27/03/2026 | 2a.Ed. | Ej.1 | 24/03/2026 | Libro | DEWEY | Libro | Claustro | Claustro | 2do piso | 24/03/2026 | Compra | 123600.00 |